000 00260nam a22001217a 4500
008 170425b xxu||||| |||| 00| 0 eng d
041 _aeng
080 _a547
100 _a12
101 _aSHM
245 _aORGANIC REACTIONS
_cBACHMANN, W.E
942 _2udc
_cBK
999 _c11934
_d11934